<?xml version="1.0" encoding="UTF-8"?>
<record
    xmlns:xsi="http://www.w3.org/2001/XMLSchema-instance"
    xsi:schemaLocation="http://www.loc.gov/MARC21/slim http://www.loc.gov/standards/marcxml/schema/MARC21slim.xsd"
    xmlns="http://www.loc.gov/MARC21/slim">

  <leader>00690nam a2200193Ia 4500</leader>
  <controlfield tag="008">151119s9999||||xx |||||||||||||| ||und||</controlfield>
  <datafield tag="082" ind1=" " ind2=" ">
    <subfield code="b">GKKV33503</subfield>
  </datafield>
  <datafield tag="100" ind1=" " ind2=" ">
    <subfield code="a">"&#x905;&#x917;&#x94D;&#x930;&#x935;&#x93E;&#x932;, &#x935;&#x93F;&#x91C;&#x92F;"</subfield>
  </datafield>
  <datafield tag="245" ind1=" " ind2=" ">
    <subfield code="a">&#x92F;&#x94B;&#x917;&#x94D;&#x92F; &#x928;&#x93F;&#x930;&#x94D;&#x923;&#x92F; &#x915;&#x938;&#x947; &#x918;&#x94D;&#x92F;&#x93E;&#x935;&#x947;</subfield>
  </datafield>
  <datafield tag="260" ind1=" " ind2=" ">
    <subfield code="a">&#x92A;&#x941;&#x923;&#x947;</subfield>
  </datafield>
  <datafield tag="260" ind1=" " ind2=" ">
    <subfield code="b">&#x92E;&#x93F;&#x930;&#x930; &#x92A;&#x92C;&#x94D;&#x932;&#x93F;&#x936;&#x93F;&#x902;&#x917;</subfield>
  </datafield>
  <datafield tag="260" ind1=" " ind2=" ">
    <subfield code="c">2013</subfield>
  </datafield>
  <datafield tag="300" ind1=" " ind2=" ">
    <subfield code="a">172p.</subfield>
  </datafield>
  <datafield tag="600" ind1=" " ind2=" ">
    <subfield code="a">"&#x905;&#x917;&#x94D;&#x930;&#x935;&#x93E;&#x932;, &#x935;&#x93F;&#x91C;&#x92F;"</subfield>
  </datafield>
  <datafield tag="630" ind1=" " ind2=" ">
    <subfield code="a">&#x92F;&#x94B;&#x917;&#x94D;&#x92F; &#x928;&#x93F;&#x930;&#x94D;&#x923;&#x92F; &#x915;&#x938;&#x947; &#x918;&#x94D;&#x92F;&#x93E;&#x935;&#x947;</subfield>
  </datafield>
  <datafield tag="700" ind1=" " ind2=" ">
    <subfield code="a">"&#x905;&#x917;&#x94D;&#x930;&#x935;&#x93E;&#x932;, &#x935;&#x93F;&#x91C;&#x92F;"</subfield>
  </datafield>
  <datafield tag="730" ind1=" " ind2=" ">
    <subfield code="a">&#x92F;&#x94B;&#x917;&#x94D;&#x92F; &#x928;&#x93F;&#x930;&#x94D;&#x923;&#x92F; &#x915;&#x938;&#x947; &#x918;&#x94D;&#x92F;&#x93E;&#x935;&#x947;</subfield>
  </datafield>
  <datafield tag="942" ind1=" " ind2=" ">
    <subfield code="c">BOOK</subfield>
  </datafield>
  <datafield tag="999" ind1=" " ind2=" ">
    <subfield code="c">1085798</subfield>
    <subfield code="d">1085795</subfield>
  </datafield>
  <datafield tag="952" ind1=" " ind2=" ">
    <subfield code="0">0</subfield>
    <subfield code="1">0</subfield>
    <subfield code="4">0</subfield>
    <subfield code="7">0</subfield>
    <subfield code="a">GKKV</subfield>
    <subfield code="b">GKKV</subfield>
    <subfield code="d">2015-02-20</subfield>
    <subfield code="g">150.00</subfield>
    <subfield code="l">0</subfield>
    <subfield code="o">GKKV33503</subfield>
    <subfield code="p">GKKV33503</subfield>
    <subfield code="r">2015-11-19 00:00:00</subfield>
    <subfield code="v">150.00</subfield>
    <subfield code="w">2015-11-19</subfield>
    <subfield code="y">BOOK</subfield>
  </datafield>
</record>
